000 00885nam a2200253 a 4500
999 _c12645
_d12645
001 12645
003 BD-JhCC
005 20221025112635.0
008 221025s2022 bg |||| |||| 000 0 ben d
020 _a9789849610380
035 _a(BD-JhCC)12645
040 _aBD-JhCC
_dBD-JhCC
041 _aBangla
082 _a153.42
_bSIN 2022
100 _aসিনহা, সাজিয়া জাহান
245 _aব্রেইন গেইম :
_bদ্যা মিস্ট্রি স্টার্টস হেয়ার /
_cসাজিয়া জাহান সিনহা
260 _aঢাকা :
_bঅন্বেষা প্রকাশন,
_c২০২২
300 _a২২৩ পৃ. :
_c২১ সেমি.
650 _aMind and body
650 _aReasoning
650 _aThought and thinking
650 _aDecision making
942 _2ddc
_cBK